000 00689nam a22002537a 4500
008 130723b xxu||||| |||| 00| 0 eng d
020 _a81 7319 668 0
024 _cAvailable
037 _cAvailable
040 _aMBSTU Library
_dMBSTU Library
082 _222
_a512.7 LUS
100 _aLuthar IS
245 _aSets Functions and Numbers
250 _a2nd
260 _aNew Delhi
_bNarson Publishing House
_c2005
300 _a24 cm
_b339Page
_f10
_g24 cm
600 _2Number Theory 2 Sets
650 _2Number Theory 2 Sets
700 _aLuthar IS
270 _aNew Delhi
_bNew Delhi
_dIndia
365 _b493
_d493
942 _2ddc
_cBK
999 _c596
_d596